1970 NHL All-Stars - Statistics

General Stats
  • This quiz has been taken 2 times
  • The average score is 4 of 38
Answer Stats
Conference/Position Answer Team % Correct
East Left Winger Bobby Hull Chicago Black Hawks
100%
East Right Winger Gordie Howe Detroit Red Wings
100%
East Centre Phil Esposito Boston Bruins
100%
East Defencemen Bobby Orr Boston Bruins
50%
East Left Winger Frank Mahovlich Detroit Red Wings
50%
West Left Winger Ab McDonald St. Louis Blues
0%
West Defencemen Barclay Plager St. Louis Blues
0%
West Goaltender Bernie Parent Philadelphia Flyers
0%
West Right Winger Bill Goldsworthy Minnesota North Stars
0%
West Defencemen Bill White Los Angeles Kings
0%
West Centre Bobby Clarke Philadelphia Flyers
0%
West Defencemen Bob Woytowich Pittsburgh Penguins
0%
East Defencemen Brad Park New York Rangers
0%
East Defencemen Carl Brewer Detroit Red Wings
0%
West Defencemen Carol Vadnais Oakland Seals
0%
West Right Winger Claude Larose Minnesota North Stars
0%
West Left Winger Danny Grant Minnesota North Stars
0%
West Centre Danny O'Shea Minnesota North Stars
0%
East Centre Dave Keon Toronto Maple Leafs
0%
West Left Winger Dean Prentice Pittsburgh Penguins
0%
East Goaltender Eddie Giacomin New York Rangers
0%
West Right Winger Frank St. Marseille St. Louis Blues
0%
West Right Winger Gary Sabourin St. Louis Blues
0%
West Defencemen Harry Howell Oakland Seals
0%
East Defencemen Jacques Laperriere Montreal Canadiens
0%
East Left Winger Jacques Lemaire Montreal Canadiens
0%
West Goaltender Jacques Plante St. Louis Blues
0%
East Centre Jean Ratelle New York Rangers
0%
West Right Winger Jim Roberts St. Louis Blues
0%
East Right Winger John McKenzie Boston Bruins
0%
East Left Winger Johnny Bucyk Boston Bruins
0%
West Left Winger J.P. Parise Minnesota North Stars
0%
West Centre Red Berenson St. Louis Blues
0%
East Right Winger Rod Gilbert New York Rangers
0%
East Right Winger Ron Ellis Toronto Maple Leafs
0%
East Defencemen Serge Savard Montreal Canadiens
0%
East Goaltender Tony Esposito Chicago Black Hawks
0%
East Centre Walt Tkaczuk New York Rangers
0%
No matching quizzes found
Score Distribution
Percent of People with Each Score
Percentile by Number Answered
Your Score History
You have not taken this quiz